000 00476nam a2200169Ia 4500
001 24605
003 IN-NITTTR
005 20251114233314.0
008 251113s9999||||xx |||||||||||||| ||eng||
040 _beng
040 _cIN-NITTTR
041 _aeng
082 _a671 B 148 S
100 _aBahendwar, Ashish S.
245 0 _aSome studies to analyse the parametric control over surface finish in combined turning and burnishing. /
_cBahendwar, Ashish S.
942 _2ddc
_cBK
999 _c27234
_d27234